<?xml version="1.0" encoding="UTF-8"?>
<record
    xmlns:xsi="http://www.w3.org/2001/XMLSchema-instance"
    xsi:schemaLocation="http://www.loc.gov/MARC21/slim http://www.loc.gov/standards/marcxml/schema/MARC21slim.xsd"
    xmlns="http://www.loc.gov/MARC21/slim">

  <leader>01056nam a2200229Ia 4500</leader>
  <controlfield tag="003">OSt</controlfield>
  <controlfield tag="005">20240712161254.0</controlfield>
  <controlfield tag="008">210310s1991    CK     gr     000 0 spa d</controlfield>
  <datafield tag="040" ind1=" " ind2=" ">
    <subfield code="a">CO-JMCR</subfield>
    <subfield code="b">spa</subfield>
    <subfield code="c">CO-JMCR</subfield>
    <subfield code="d">CO-JMCR</subfield>
    <subfield code="e">rda</subfield>
  </datafield>
  <datafield tag="041" ind1="0" ind2=" ">
    <subfield code="a">spa</subfield>
  </datafield>
  <datafield tag="082" ind1="0" ind2="4">
    <subfield code="2">23</subfield>
    <subfield code="a">342.860</subfield>
    <subfield code="b">G64s</subfield>
  </datafield>
  <datafield tag="100" ind1="1" ind2=" ">
    <subfield code="a">Gonzalez Charry, Guillermo, </subfield>
    <subfield code="9">20061</subfield>
    <subfield code="e">autor</subfield>
  </datafield>
  <datafield tag="245" ind1="1" ind2="0">
    <subfield code="a">Situaci&#xF3;n legal del servidor publico en Colombia /  </subfield>
    <subfield code="c">Guillermo Gonzalez Charry </subfield>
  </datafield>
  <datafield tag="260" ind1=" " ind2=" ">
    <subfield code="c">Bogota : </subfield>
    <subfield code="a">Imprenta nacional </subfield>
    <subfield code="b">1991</subfield>
  </datafield>
  <datafield tag="300" ind1=" " ind2=" ">
    <subfield code="b">213 p&#xE1;ginas ; </subfield>
    <subfield code="a">16 cm. </subfield>
  </datafield>
  <datafield tag="490" ind1=" " ind2=" ">
    <subfield code="a">Ricardo Medina Moyano</subfield>
  </datafield>
  <datafield tag="505" ind1="0" ind2=" ">
    <subfield code="t">Situaci&#xF3;n legal del servidor publico de 1944-1968 -- La relaci&#xF3;n de derecho publico -- La jurisprudencia -- Situaci&#xF3;n legal del servidor -- Los &#xF3;rganos de la administraci&#xF3;n -- La jurisprudencia -- Aspectos b&#xE1;sicos del contrato de trabajo y de la funci&#xF3;n publica. </subfield>
  </datafield>
  <datafield tag="650" ind1="1" ind2="4">
    <subfield code="2">JMCR</subfield>
    <subfield code="a">Servidores p&#xFA;blicos </subfield>
    <subfield code="9">33637</subfield>
    <subfield code="z">Colombia</subfield>
  </datafield>
  <datafield tag="650" ind1="2" ind2="4">
    <subfield code="2">JMCR</subfield>
    <subfield code="a">Contrato de trabajo </subfield>
    <subfield code="v">Servidores p&#xFA;blicos </subfield>
    <subfield code="9">43768</subfield>
  </datafield>
  <datafield tag="650" ind1="3" ind2="4">
    <subfield code="2">JMCR</subfield>
    <subfield code="a">Servidores publicos</subfield>
    <subfield code="x">Legislaci&#xF3;n </subfield>
    <subfield code="9">43769</subfield>
  </datafield>
  <datafield tag="942" ind1=" " ind2=" ">
    <subfield code="2">ddc</subfield>
    <subfield code="c">BK</subfield>
  </datafield>
  <datafield tag="999" ind1=" " ind2=" ">
    <subfield code="c">14457</subfield>
    <subfield code="d">14457</subfield>
  </datafield>
  <datafield tag="952" ind1=" " ind2=" ">
    <subfield code="0">0</subfield>
    <subfield code="1">0</subfield>
    <subfield code="2">ddc</subfield>
    <subfield code="4">0</subfield>
    <subfield code="7">0</subfield>
    <subfield code="a">CPL</subfield>
    <subfield code="b">CPL</subfield>
    <subfield code="d">2021-03-10</subfield>
    <subfield code="l">1</subfield>
    <subfield code="o">342.860 G64s</subfield>
    <subfield code="p">430010289</subfield>
    <subfield code="r">2024-07-22 15:53:08</subfield>
    <subfield code="s">2024-07-22</subfield>
    <subfield code="t">Ej. 1 </subfield>
    <subfield code="w">2021-03-10</subfield>
    <subfield code="y">BK</subfield>
  </datafield>
</record>
